Statistiques concernant Quiz Dessins Animés

Cliquez ici pour prendre le quiz!

Statistiques générales

  • Ce quiz a été pris 385 fois
  • Le résultat moyen est 10 sur 15

Statistiques - réponses

QuestionRéponse% Correct
Quelle phrase est répétée à longueur d’épisodes par Titeuf dans le dessin animé qui porte son nom ?C'est pô juste
97%
Dans les Totally Spies, comment se nomme le fondateur de l’organisation WOOHP qui fait appel à Clover, Sam et Alex à chaque épisode ?Jerry
96%
Comment se prénomme le cheval et meilleur ami de Yakari dans la série animée éponyme ?Petit Tonnerre
89%
Quel personnage de dessin animé des années 2000 ne fait pas partie des Winx ?Clover
84%
Qui prêtent leurs voix aux personnages de la série animée Ratz ?Eric et Ramzy
84%
Quel est le prénom du garçon qui se réveille chaque jour avec une apparence différente dans un dessin animé des années 2000?Martin
81%
Du générique de quel dessin animé des années 2000 sont tirés ces mots : « On ira, on saura sauver notre existence, se donner une chance de tout effacer... » ?Code Lyoko
77%
Dans le dessin animé Famille Pirate, comment se nomme le père qui peine à rapporter des trésors à sa famille dans chaque épisode ?Victor McBernick
69%
Dans le générique original de la série Totally Spies, quelle phrase peut-on entendre à plusieurs reprises ?Here we go
63%
Comment se nomme l’équipe formée notamment par Tag, Gabriel, Eloïse, Tek et No dans la première saison du dessin animé Foot 2 rue ?Les Bleus de Port-Marie
49%
Dans la série Pokémon, que souhaitent “écraser” la Team Rocket dans sa célèbre devise répétée dans presque chaque épisode ?L'amour et la vérité
44%
Dans le dessin animé Yu-Gi-Oh!, que représentent Slifer le Dragon du Ciel, Obelisk le Tourmenteur et Le Dragon Ailé de Râ ?Des dieux égyptiens
40%
Quel est le nom de l’acolyte féminine dans le dessin animé Martin Mystère ?Diana
38%
Quel est le prénom du personnage aux cheveux rose de la série animée Code Lyoko ?Aelita
33%
Dans la série animée Jackie Chan, quelle est la profession de Jackie Chan ?Archéologue
12%

Distribution des résultats

Percentile par nombre de réponses

% des personnes avec chaque résultat

Votre développement - résultats

Vous n’avez pas pris ce quiz